• 首页
  • 本馆介绍
  • 公告通知
  • 最新文献
  • 馆藏检索
  • 电子资源
  • 读者导购
  • 参考咨询
  • 我的图书馆
  • 登录
  • 详细信息显示
  • 放入我的书架
  • 预约/预借图书
  • 作者相关作品
  • 分类相关作品
  • 丛书相关作品
  • 出版社相关作品

书目信息

  • 表格格式
  • 工作单格式
  • 卡片格式
题名:
幼儿园家长工作实操指引
    
 
作者: 韩智 , 凌春媛 主编
分册:  
出版信息: 北京   北京师范大学出版社  2018
页数: 212页
开本: 24cm
丛书名: 幼儿园保教工作指导丛书
单 册:
中图分类: G616
科图分类:
主题词: 幼儿园--you er yuan--家长工作(教育)
电子资源:
ISBN: 978-7-303-23706-7
000 01406nam 2200289 450
001 1964872285
005 20190510100635.4
010    @a978-7-303-23706-7@dCNY 38.00
099    @aCAL 012019060959
100    @a20190510d2018 em y0chiy50 ea
101 0  @achi
102    @aCN@b110000
105    @aak z 000yy
200 1  @a幼儿园家长工作实操指引@Ayou er yuan jia zhang gong zuo shi cao zhi yin@f韩智, 凌春媛主编
210    @a北京@c北京师范大学出版社@d2018
215    @a212页@c图@d24cm
225 2  @a幼儿园保教工作指导丛书@Ayou er yuan bao jiao gong zuo zhi dao cong shu
314    @a韩智,深圳市实验幼教集团教务部部长,深圳首届学前教育专家委员会副主任、深圳学前教育协会专业发展委员会副主任,深圳市人民政府督学,中国教育学会学前教育专业委员会常务理事。凌春媛,深圳实验幼儿集团教务部教研员。
314    @a凌春媛,深圳实验幼儿集团教务部教研员。
330    @a本书分为四章,每一章既有理论阐述又有案例呈现。第一章总体阐述家长工作的意义、原则、策略和架构,第二章陈述教师开展家长工作应具备的基础能力和培养途径;第三、四章呈现了常规性家长工作和突发性家长工作的各活动类型,提供相应要点、组织方法、流程,以及实践案例,较为完整梳理和展示了幼儿园家长工作体系。
410  0 @12001 @a幼儿园保教工作指导丛书
606 0  @a幼儿园@Ayou er yuan@x家长工作(教育)
690    @aG616@v5
701  0 @a韩智@Ahan zhi@4主编
701  0 @a凌春媛@Aling chun yuan@4主编
801  0 @aCN@bHQWY@c20190510
905    @aBZT@dG616@e12
    
    幼儿园家长工作实操指引/韩智, 凌春媛主编.-北京:北京师范大学出版社,2018
    212页:图;24cm.-(幼儿园保教工作指导丛书)
    
    
    ISBN 978-7-303-23706-7:CNY 38.00
    本书分为四章,每一章既有理论阐述又有案例呈现。第一章总体阐述家长工作的意义、原则、策略和架构,第二章陈述教师开展家长工作应具备的基础能力和培养途径;第三、四章呈现了常规性家长工作和突发性家长工作的各活动类型,提供相应要点、组织方法、流程,以及实践案例,较为完整梳理和展示了幼儿园家长工作体系。
●
相关链接 在五车中查询图书 在当当中查询图书 在豆瓣中查询图书


正题名:幼儿园家长工作实操指引     索取号:G616/12         预约/预借

序号 登录号 条形码 馆藏地/架位号 状态 备注
1 869737   2000869737   第二书库/ [索取号:G616/12] 在馆    
2 869738   2000869738   第二书库/ [索取号:G616/12] 在馆    
3 869739   2000869739   第二书库/ [索取号:G616/12] 在馆    
山东省滨州职业学院图书馆 欢迎您!
大连网信软件有限公司© 版权所有